000 01278nam1a22002411 4500
001 rc\2856331
005 20110707160355.5
035 _a(NLR Aleph) 007010897
090 _a5813298
_c5813298
100 _a20110707d1931 |||y0rusy50 ca
101 0 _arus
102 _aRU
105 _ay z |||||
200 1 _aСтроительство дорог в Московской области, Москве и Харькове в 1930 г.
_eПо материалам Спец. комиссии ЦИАТ'а ...
_fОтв. ред. проф. Г.Д. Дубелир
_gЦудортранс при СНК СССР. Центр. науч.-исслед. ин-т автодорожного транспорта ЦИАТ
210 _aМосква
_cОгиз
_cГострансиздат
_d1931
_e[Ленинград]
_g1-я тип. изд-ва Ленингр. облисполкома и совета
215 _d25х13 см
702 1 _aДубелир
_bГ. Д.
_gГригорий Дмитриевич
_4340
712 0 2 _aЦентральный научно-исследовательский институт автодорожного транспорта
_cМосква
_4570
801 0 _aRU
_bNLR
_gpsbo
801 1 _aRU
_bELAR
_2rusmarc
852 _aNLR
_j31-18/339(2)
942 _cBOOK
980 _aNB